000 00922nam a2200265 i 4500
001 bg
245 0 0 _aAgrofizyka i biofizyka :
_bpodstawowe zagadnienia i ćwiczenia laboratoryjne : praca zbiorowa /
_cpod red. Ewy Miedziejko ; [aut. Grzegorz Hoffmann et al.].
250 _a[Wyd. 2].
260 _aPoznań :
_bWydaw. AR.
300 _a413, [1] s. :
_b1 fot., rys., wykr. ;
_c24 cm.
490 1 _aWydawnictwa Dydaktyczne Akademii Rolniczej w Poznaniu
504 _aBibliogr. s. [414].
521 _aSkrypt dla studentów akademii rolniczych.
650 9 _aAgrofizyka
650 9 _aBiofizyka
655 _aPodręczniki akademickie
700 1 _aMIEDZIEJKO, Ewa.
_eRed.
700 1 _aHOFFMANN, Grzegorz.
830 _aWydawnictwa Dydaktyczne Akademii Rolniczej w Poznaniu
040 _cBPK
041 0 _apl
080 _a577.3+631/635:53](075.8)
942 _cKS
008 s pl f |000 0 pol
999 _c33660
_d33660
856 _uhttp://koha.tu.koszalin.pl/cgi-bin/koha/opac-detail.pl?biblionumber=33660
_yKatalog online BPK